Countries with Capitals Starting with B - Statistics

General Stats
  • This quiz has been taken 25 times
    6 since last reset
  • The average score is 18 of 26
Answer Stats
Answer % Correct
Belgium
100%
Brazil
100%
Colombia
100%
Germany
100%
Hungary
100%
Argentina
83%
Belize
83%
China
83%
Iraq
83%
Serbia
83%
Slovakia
83%
Switzerland
83%
Brunei
67%
Lebanon
67%
Mali
67%
Romania
67%
Azerbaijan
50%
Barbados
50%
Central African Republic
50%
Congo, Republic of the
50%
Gambia
50%
Guinea-Bissau
50%
Kyrgyzstan
50%
Saint Kitts and Nevis
50%
South Africa
50%
Thailand
33%
No matching quizzes found
Score Distribution
Percent of People with Each Score
Percentile by Number Answered
Your Score History
You have not taken this quiz since the last reset